Suburbs of Liverpool [Australia] by Population - Statistics

General Stats
  • This quiz has been taken 5 times
  • The average score is 15 of 39
Answer Stats
Population (2016) Suburb % Correct
27,084 Liverpool
80%
4,290 Busby
60%
12,516 Green Valley
60%
5,476 Holsworthy
60%
8,952 Wattle Grove
60%
3,585 Ashcroft
40%
3,024 Austral
40%
225 Badgerys Creek
40%
2,507 Bringelly
40%
15,662 Casula
40%
771 Cecil Park
40%
9,001 Chipping Norton
40%
2,271 Edmonson Park
40%
2,535 Elizabeth Hills
40%
348 Greendale
40%
3,493 Hammondville
40%
3,094 Heckenburg
40%
11,222 Hinchinbrook
40%
3,729 Horningsea Park
40%
4,355 Hoxton Park
40%
2,268 Kemps Creek
40%
3,498 Leppington
40%
1,828 Luddenham
40%
9,311 Lurnea
40%
3,237 Miller
40%
9,747 Moorebank
40%
15,313 Prestons
40%
2,286 Rossmore
40%
1,668 Voyager Point
40%
5,884 Warwick Farm
40%
10,012 West Hoxton
40%
2,043 Carnes Hill
20%
2,370 Cartwright
20%
7,018 Cecil Hills
20%
0 Len Waters Estate
20%
5,177 Middleton Grange
20%
528 Pleasure Point
20%
3,135 Sadlier
20%
1,981 Denham Court
0%
No matching quizzes found
Score Distribution
Percent of People with Each Score
Percentile by Number Answered
Your Score History
You have not taken this quiz